| 000 | 00980nam a2200265Ia 4500 | ||
|---|---|---|---|
| 003 | GCL | ||
| 008 | 140319s9999 xx 000 0 ara d | ||
| 040 |
_aGCL / _cGCL |
||
| 082 | 0 | 4 |
_aق _b932 _bا م |
| 100 | 1 | _aمختار السويفى | |
| 245 | 1 | 0 |
_aالمؤسسة العسكرية المصرية فى عصرالامبراطورية1570 ق م ـ 1087 ق م / _cمختار السويفى |
| 700 | 1 | _aاحمد قدرى | |
| 700 | 1 | _aمحمد العزب موسى | |
| 700 | 1 | _aمحمد جمال الدين مختار (مراجع) | |
| 260 |
_a[S.N] : _bهيئة الاثار المصرية ، _c1985 |
||
| 300 | _a457 ص | ||
| 490 |
_aسلسلة الثقافة الاثرية والتاريخية _v0 |
||
| 650 | 0 | 4 | _aالجنسية |
| 650 | 0 | 4 | _aتاريخ |
| 650 | 0 | 4 | _aالاحوال الاجتماعية |
| 650 | 0 | 4 | _aمصر القديمة |
| 650 | 0 | 4 | _aالاحوال الاقتصادية |
| 650 | 0 | 4 | _aالاسرة الثامنة عشرة |
| 942 |
_2ddc _cBK |
||
| 999 |
_c52926 _d52926 |
||